| 000 | 00826nam a22003017a 4500 | ||
|---|---|---|---|
| 001 | BR9300222 | ||
| 003 | BR-BrBNA | ||
| 005 | 20230928093803.0 | ||
| 007 | ta | ||
| 008 | 230509b bl.||||| |||| 00| 0 por d | ||
| 040 |
_aBR-BrBNA _bpor _cBiblioteca Nacional de Agricultura |
||
| 041 | _a(Por) | ||
| 072 | _aF06; E11 | ||
| 090 | _ F06 BR9300222 | ||
| 100 | 1 | _aPinto, L.C.G. | |
| 100 | 1 | _aFonseca, R.B.(coords.) | |
| 110 | 1 | _aUniversidade Estadual de Campinas, SP (Brasil) | |
| 245 | 1 | _aIrrigacao, estrutura agraria e organizacao dos agricultores | |
| 260 | 3 |
_aCampinas, SP (Brasil): _c1989. |
|
| 300 | _a143 p. | ||
| 500 | _a13 ref. | ||
| 650 | _aIrrigacao | ||
| 650 | _aEstrutura agraria | ||
| 650 | _aPolitica Agraria | ||
| 650 | _aRegiao Nordeste | ||
| 909 |
_a202309 _bLucia _c55 _dLucia Elande |
||
| 942 | _cBK | ||
| 999 |
_c47102 _d47102 |
||